Political ecology of survival : (Record no. 170754)

MARC details
000 -LEADER
fixed length control field 00802nam a2200217 4500
005 - DATE AND TIME OF LATEST TRANSACTION
control field 20191224144152.0
010 ## - LCCN (DPL NO)
LC control number ENG-127233
020 ## - INTERNATIONAL STANDARD BOOK NUMBER
International Standard Book Number 9789352873616
Terms of availability 925.00
035 ## - SYSTEM CONTROL NUMBER
System control number EN-110765
037 ## - SOURCE OF ACQUISITION
Source of stock number/acquisition DBAD/PUB
082 ## - DEWEY DECIMAL CLASSIFICATION NUMBER
Classification number 304.209
245 ## - TITLE STATEMENT
Title Political ecology of survival :
Statement of responsibility, etc ed.by Madhurilata Basu, Rajat Roy [and] Ranabir Samaddar
Remainder of title life and labour in the river lands of east and north-east India /
260 ## - PUBLICATION, DISTRIBUTION, ETC. (IMPRINT)
Place of publication, distribution, etc Hyderabad
Name of publisher, distributor, etc Orient Blackswan
Date of publication, distribution, etc 2018
270 ## - ADDRESS
Address 3-6-752, Himayatnagar
City Hyderabad, Telangana
Postal code 500029
Electronic mail address centraloffice@orientblackswan.com
300 ## - PHYSICAL DESCRIPTION
Extent xvi;254.
Dimensions 22cm(Hb)
500 ## - GENERAL NOTE
General note Includes bibliographical references and index
700 ## - ADDED ENTRY--PERSONAL NAME
Personal name Basu, Madhurilata
700 ## - ADDED ENTRY--PERSONAL NAME
Personal name Roy Rajat
700 ## - ADDED ENTRY--PERSONAL NAME
Personal name Samaddar, Ranabir
942 ## - ADDED ENTRY ELEMENTS (KOHA)
Source of classification or shelving scheme Dewey Decimal Classification
Item type English Books
Classification part 304.209
Call number suffix POL
Holdings
Withdrawn status Lost status Not for loan Collection code Home library Current library Date acquired Source of acquisition Cost, normal purchase price Full call number Barcode Copy number Cost, replacement price Koha item type
      Non-fiction Ashok Vihar Ashok Vihar 24/12/2019 DBAD/PUB 925.00 304.209 POL EN-110765 1 925.00 English Books

© Delhi Public Library
Hit Counter
free hit counter